000 00282nam a22001097a 4500
008 170120b xxu||||| |||| 00| 0 eng d
020 _a9780805328332
041 _aeng
080 _25TH
_a618.2
245 _aEFFECTIE LEADERSHIP AND MANAGEMET IN NURSING
_cSULLIANM E,J
942 _2udc
_cBK
999 _c3215
_d3215